000
00308nam a22001457a 4500
003
SGT
020
_a
978-81-265-5856-8
082
_a
532
_b
FOX
100
_a
FOX,ROBERT.W
245
_a
FLUID MECHANICS
260
_a
NEW DELHI
_b
WILEY
_c
2016
300
_a
662
650
_a
CIVIL ENGINEERING
942
_2
ddc
_c
BK
999
_c
14368
_d
14368